000 01061cam a2200253 4500
001 WS117609
008 020422n 000 0 eng u
035 _a(Sirsi) u117609
110 _aThai Appraisal Foundation
245 _aThai Appraisal Foundation
520 _aWeb site for this educational organisation dedicated to the advancement of professional valuation and real estate. Includes profiles of the real estate market in various countries, articles on the housing market in Bangkok and modern valuation practices in Thailand, a table of rebuilding costs and an outline of standards practices for valuers in Thailand.
650 _aORGANISATION
650 _aTHAILAND
650 _aINTERNATIONAL
650 _aASIA
650 _aPHILIPPINES
650 _aMALAYSIA
650 _aHONG KONG
650 _aVALUATION METHODS
650 _aBUILT ENVIRONMENT-BUILDING COSTS-REINSTATEMENT COSTS
690 _aVALUATION
_96273
856 4 0 _uhttps://www.thaiappraisal.org
_zView the website free of charge at www.thaiappraisal.org...
942 _n0
999 _c120018
_d120018